F1 Circuits By Picture - Statistics

General Stats
  • This quiz has been taken 1,860 times
  • The average score is 10 of 12
Answer Stats
Picture Answer % Correct
Spa Francorchamps
98%
Monaco
94%
Monza
88%
Silverstone
87%
Yas Marina
87%
Interlagos
81%
Imola
80%
Circuit Of The Americas
79%
Hungaroring
74%
Suzuka
74%
Circuit De Catalunya
67%
Zandvoort
63%
No matching quizzes found
Score Distribution
Percent of People with Each Score
Percentile by Number Answered
Your Score History
You have not taken this quiz